| 000 | 00494nam a2200181 a 4500 | ||
|---|---|---|---|
| 001 | 1578 | ||
| 005 | 20140414131943.0 | ||
| 008 | 010904s19uu xx 00 eng d | ||
| 020 | _a1-85758-101-6 | ||
| 050 |
_aTR 372.7 _bR685 1990 |
||
| 100 | _aRodda, George | ||
| 245 |
_aBack to basics, bk.1 : _cGeorge Rodda. _bmath, for 9-10 year olds / |
||
| 260 |
_aLondon : _bLetts Educational, _c1990. |
||
| 300 | _a32 p. : ill. ; cm. | ||
| 440 | _aLetts | ||
| 650 | _aMathematics. | ||
| 999 |
_c112634 _d112634 |
||